[Event "DM 2023 Kort Paaske 1 Grp2"]
[Site "Svendborg"]
[Date "2023.04.01"]
[Round "1"]
[White "Andersen, Sten Bo"]
[Black "Ambirk, Jan"]
[Result "0-1"]
[WhiteElo "1387"]
[BlackElo "1656"]
[PlyCount "128"]
[EventDate "2023.04.01"]
[EventType "swiss"]
[EventRounds "5"]
[EventCountry "DEN"]
[SourceTitle "Live v. Kasper Jerwiarz"]

1. e4 e5 2. Nf3 Nf6 3. Nc3 Bc5 4. d4 exd4 5. Nxd4 O-O 6. Be3 Re8 7. Bd3 d6 8.
h3 Nbd7 9. Nf5 Bb4 10. O-O Bxc3 11. bxc3 Nxe4 12. Bxe4 Rxe4 13. Ng3 Re8 14. Bd4
Ne5 15. Re1 Qg5 16. Be3 Qg6 17. Bd4 Bf5 18. Bxe5 Bxc2 19. Qd4 dxe5 20. Rxe5
Rxe5 21. Qxe5 Qc6 22. Nf5 Bxf5 23. Qxf5 Qxc3 24. Rb1 Qc6 25. Qb5 Qxb5 26. Rxb5
b6 27. f4 c5 28. Kf2 Re8 29. Rb2 c4 30. a4 Rc8 31. Rc2 a6 32. Ke3 b5 33. axb5
axb5 34. Kd2 b4 35. Kc1 c3 36. Re2 b3 37. Re3 f5 38. g4 fxg4 39. hxg4 Kf7 40.
Rd3 Ke6 41. Re3+ Kd5 42. Re7 c2 43. Rb7 Kc4 44. Rxg7 Kc3 45. Rb7 Rd8 46. Rc7+
Kb4 47. Kb2 Ra8 48. Rb7+ Kc4 49. Rc7+ Kd3 50. Rd7+ Ke3 51. Rc7 Kd2 52. Rd7+ Ke3
53. Rc7 Kd3 54. Rd7+ Kc4 55. Rc7+ Kb4 56. Rb7+ Ka4 57. Rc7 Rd8 58. Ra7+ Kb4 59.
Rb7+ Kc4 60. Rc7+ Kd3 61. Rxh7 Ke4 62. Rc7 Rd1 63. Rc4+ Kd5 64. Rc8 Rb1+ 0-1

[Event "DM 2023 Kort Paaske 1 Grp2"]
[Site "Svendborg"]
[Date "2023.04.01"]
[Round "1"]
[White "Hansen, Michael Bo"]
[Black "Larsen, Rune"]
[Result "0-1"]
[WhiteElo "1617"]
[BlackElo "1466"]
[PlyCount "154"]
[EventDate "2023.04.01"]
[EventType "swiss"]
[EventRounds "5"]
[EventCountry "DEN"]
[SourceTitle "Live v. Kasper Jerwiarz"]

1. d4 d6 2. c4 Nf6 3. Nc3 g6 4. Nf3 Bg7 5. e3 O-O 6. Be2 b6 7. O-O Bb7 8. Qc2
Nbd7 9. b3 Re8 10. Bb2 c5 11. d5 e6 12. dxe6 fxe6 13. Rad1 Nf8 14. Rd2 Re7 15.
Rfd1 Rd7 16. h3 a6 17. Nh2 Qc7 18. Bf3 Rad8 19. Bxb7 Qxb7 20. e4 b5 21. cxb5
axb5 22. f3 b4 23. Ne2 Qa8 24. Bxf6 Bxf6 25. Ng4 Bg7 26. Ne3 Qc6 27. Qc4 Kh8
28. Nc2 d5 29. exd5 exd5 30. Qg4 Ne6 31. a3 bxa3 32. Nxa3 Ra7 33. Nc4 Rdd7 34.
Ne3 Nc7 35. Qg3 Ra3 36. Rb1 Ra8 37. Kh1 Qd6 38. Qe1 Bh6 39. Rd3 Re8 40. Ng4 Bg7
41. Qd1 d4 42. Nf2 Nd5 43. Ne4 Qe7 44. Qc1 Rc7 45. N2g3 Rec8 46. Nf1 Qf8 47.
Qc4 Nf6 48. Nfd2 Nd7 49. f4 Qxf4 50. Rf3 Qh4 51. Nd6 Ne5 52. Qe6 Rd8 53. Rbf1
Qe7 54. Nf7+ Nxf7 55. Qxf7 Qxf7 56. Rxf7 Rxf7 57. Rxf7 Rc8 58. Kg1 Kg8 59. Rd7
Bh6 60. Nc4 Bf8 61. Kf1 Rb8 62. Nd2 Bh6 63. Ke2 Bxd2 64. Kxd2 Rxb3 65. Rc7 Rc3
66. Rc8+ Kg7 67. Rc7+ Kh6 68. h4 Rg3 69. Rxc5 Rxg2+ 70. Kd3 Rg4 71. Rd5 Rxh4
72. Rxd4 Rxd4+ 73. Kxd4 Kg5 74. Ke3 Kg4 75. Kf2 Kh3 76. Kg1 Kg3 77. Kh1 Kf2 0-1

[Event "DM 2023 Kort Paaske 1 Grp2"]
[Site "Svendborg"]
[Date "2023.04.01"]
[Round "1"]
[White "Rynkjob, Bastian"]
[Black "Rasmussen, Erik Elmer"]
[Result "1-0"]
[WhiteElo "1338"]
[BlackElo "1495"]
[PlyCount "71"]
[EventDate "2023.04.01"]
[EventType "swiss"]
[EventRounds "5"]
[EventCountry "DEN"]
[SourceTitle "Live v. Kasper Jerwiarz"]

1. e4 c5 2. Nf3 d6 3. Bb5+ Bd7 4. Bxd7+ Qxd7 5. c4 g6 6. Nc3 a6 7. Nd5 Qd8 8.
Qb3 Ra7 9. O-O Bg7 10. Re1 e6 11. e5 Nc6 12. exd6 Qxd6 13. Qb6 Kd7 14. Ng5 Nh6
15. Ne4 Qb8 16. Nxc5+ Kc8 17. Nc3 Qc7 18. Qxc7+ Kxc7 19. d3 Rd8 20. Bf4+ Kc8
21. N3a4 Re8 22. Nb6+ Kd8 23. Bg5+ Ne7 24. Rxe6 Nhf5 25. g4 h6 26. Bf4 g5 27.
Bb8 Nc6 28. Rxe8+ Kxe8 29. gxf5 Nxb8 30. Rb1 Bd4 31. Nca4 Nc6 32. Nc8 Ra8 33.
Nd6+ Ke7 34. Nxb7 Rb8 35. Nac5 Kf6 36. Nd7+ 1-0

[Event "DM 2023 Kort Paaske 1 Grp2"]
[Site "Svendborg"]
[Date "2023.04.01"]
[Round "1"]
[White "Nielsen Refs, Ingrid Elmer"]
[Black "Rasmussen, Per"]
[Result "1-0"]
[WhiteElo "1645"]
[BlackElo "1195"]
[PlyCount "53"]
[EventDate "2023.04.01"]
[EventType "swiss"]
[EventRounds "5"]
[EventCountry "DEN"]
[SourceTitle "Live v. Kasper Jerwiarz"]

1. d4 d5 2. c4 c6 3. e3 Nf6 4. Nc3 Bf5 5. Nf3 e6 6. a3 Be7 7. Be2 Ne4 8. O-O
Qa5 9. Nxe4 Bxe4 10. cxd5 Qxd5 11. Ne1 Qg5 12. f3 Bg6 13. Nd3 Nd7 14. Nf4 O-O-O
15. Qa4 a6 16. Bxa6 Nb8 17. Be2 e5 18. dxe5 Qxe5 19. Kh1 Bc5 20. e4 Bh5 21. Nd3
Qf6 22. Nxc5 Qe5 23. Qb4 Qc7 24. Bf4 Qe7 25. Bxb8 Kxb8 26. Na6+ Kc8 27. Qxe7
1-0

[Event "DM 2023 Kort Paaske 1 Grp2"]
[Site "Svendborg"]
[Date "2023.04.01"]
[Round "1"]
[White "Hofman, Carl"]
[Black "Poulsen, Albert Damgaard"]
[Result "0-1"]
[WhiteElo "1016"]
[BlackElo "1312"]
[PlyCount "66"]
[EventDate "2023.04.01"]
[EventType "swiss"]
[EventRounds "5"]
[EventCountry "DEN"]
[SourceTitle "Live v. Kasper Jerwiarz"]

1. d4 Nf6 2. c4 e6 3. Nc3 Bb4 4. Bg5 d5 5. e3 O-O 6. cxd5 exd5 7. Bd3 h6 8. Bh4
c6 9. Nge2 Nbd7 10. O-O Re8 11. Qc2 Bd6 12. Rae1 Nf8 13. f3 Qc7 14. Ng3 g5 15.
Bxg5 hxg5 16. Qf2 N8h7 17. e4 Bxg3 18. Qxg3 Qxg3 19. hxg3 dxe4 20. fxe4 Be6 21.
Re2 Rad8 22. e5 Rxd4 23. Rd2 Rxd3 24. Rxd3 Bc4 25. Rdf3 Bxf1 26. exf6 Bc4 27.
Kf2 Re6 28. b3 Bd5 29. Nxd5 cxd5 30. Rd3 Nxf6 31. Kf3 Kf8 32. a3 Ke7 33. Rd4
Re4 0-1

[Event "DM 2023 Kort Paaske 1 Grp2"]
[Site "Svendborg"]
[Date "2023.04.01"]
[Round "1"]
[White "Silcowitz, Magnus"]
[Black "Rydland, Filip Jaramaz"]
[Result "1-0"]
[WhiteElo "1435"]
[BlackElo "1000"]
[PlyCount "29"]
[EventDate "2023.04.01"]
[EventType "swiss"]
[EventRounds "5"]
[EventCountry "DEN"]
[SourceTitle "Live v. Kasper Jerwiarz"]

1. d4 d5 2. c4 Bf5 3. cxd5 Qxd5 4. Nc3 Qd8 5. e4 Bg6 6. Nf3 Nf6 7. Bd3 Bh5 8.
O-O Bxf3 9. Qxf3 Qxd4 10. Rd1 Qc5 11. e5 Nfd7 12. Qxb7 Nb6 13. Be3 Qxe5 14.
Bxb6 cxb6 15. Qc8# 1-0

[Event "DM 2023 Kort Paaske 1 Grp2"]
[Site "Svendborg"]
[Date "2023.04.02"]
[Round "2"]
[White "Ambirk, Jan"]
[Black "Silcowitz, Magnus"]
[Result "0-1"]
[WhiteElo "1656"]
[BlackElo "1435"]
[PlyCount "104"]
[EventDate "2023.04.01"]
[EventType "swiss"]
[EventRounds "5"]
[EventCountry "DEN"]
[SourceTitle "Live v. Kasper Jerwiarz"]

1. e4 c6 2. d4 d5 3. f3 e6 4. Nc3 Bb4 5. e5 Nd7 6. a3 Ba5 7. b4 Bb6 8. Be3 a5
9. Rb1 axb4 10. axb4 Ne7 11. Qd2 O-O 12. f4 f6 13. Nf3 Ba7 14. Bd3 b6 15. Qf2
Qc7 16. Qh4 h6 17. O-O c5 18. Nb5 Qc6 19. Nd6 c4 20. b5 Qc7 21. Be2 Ng6 22. Qg4
Kh7 23. Qxe6 Ndxe5 24. Qxd5 Nxf3+ 25. Bxf3 Rb8 26. Qc6 Qd8 27. Nxc4 Bb7 28. Qd6
Qc8 29. Bxb7 Rxb7 30. Qb4 Ne7 31. Nd6 Nd5 32. Nxc8 Nxb4 33. Nd6 Re7 34. Nf5
Nxc2 35. Nxe7 Nxe3 36. Rfe1 Nc2 37. Red1 Bb8 38. g3 g5 39. Nc6 Bd6 40. Rd2 Na3
41. Ra1 gxf4 42. Rda2 Nc4 43. Ra7+ Kg6 44. Rd7 fxg3 45. hxg3 Bxg3 46. Ne7+ Kg5
47. Nd5 Re8 48. Rg7+ Kh4 49. Nxf6 Re2 50. Rg4+ Kh3 51. Rg6 Rg2+ 52. Kf1 Ne3#
0-1

[Event "DM 2023 Kort Paaske 1 Grp2"]
[Site "Svendborg"]
[Date "2023.04.02"]
[Round "2"]
[White "Larsen, Rune"]
[Black "Nielsen Refs, Ingrid Elmer"]
[Result "0-1"]
[WhiteElo "1466"]
[BlackElo "1645"]
[PlyCount "90"]
[EventDate "2023.04.01"]
[EventType "swiss"]
[EventRounds "5"]
[EventCountry "DEN"]
[SourceTitle "Live v. Kasper Jerwiarz"]

1. Nf3 Nf6 2. g3 d5 3. Bg2 e6 4. b3 c5 5. Bb2 Be7 6. O-O O-O 7. d3 Nc6 8. Nbd2
Qc7 9. e4 d4 10. Rc1 e5 11. a3 Rd8 12. Qe2 Bg4 13. h3 Bd7 14. c3 dxc3 15. Rxc3
Nd4 16. Nxd4 exd4 17. Rc2 Bc6 18. Rfc1 Qd7 19. Nc4 Qe6 20. f4 Nd7 21. f5 Qf6
22. Qd2 Ne5 23. Na5 Rac8 24. Nxc6 Nxc6 25. Qd1 Bd6 26. Qe1 b6 27. b4 Be7 28.
Qf1 Ne5 29. Qd1 Qg5 30. Kh2 Rc6 31. Bf1 Rh6 32. Rb1 Ng4+ 33. Kh1 Ne3 34. Bc1
Qxg3 35. Bxe3 Qxe3 36. bxc5 Bxc5 37. Re2 Qf3+ 38. Bg2 Rxh3+ 39. Kg1 Qg3 40. Kf1
Rh2 41. a4 h6 42. e5 Re8 43. a5 Rxe5 44. Rf2 Rxf5 45. Rbb2 Qxg2+ 0-1

[Event "DM 2023 Kort Paaske 1 Grp2"]
[Site "Svendborg"]
[Date "2023.04.02"]
[Round "2"]
[White "Poulsen, Albert Damgaard"]
[Black "Rynkjob, Bastian"]
[Result "1-0"]
[WhiteElo "1312"]
[BlackElo "1338"]
[PlyCount "129"]
[EventDate "2023.04.01"]
[EventType "swiss"]
[EventRounds "5"]
[EventCountry "DEN"]
[SourceTitle "Live v. Kasper Jerwiarz"]

1. e4 c6 2. d4 d5 3. f3 g6 4. Bd3 dxe4 5. Bxe4 Bg7 6. Ne2 f5 7. Bd3 Bxd4 8.
Nxd4 Qxd4 9. Bd2 Nf6 10. Nc3 O-O 11. Qe2 Nbd7 12. O-O-O Ne5 13. Bh6 Re8 14.
Bxf5 Qc4 15. Qxe5 Bxf5 16. g4 Qe6 17. Qg3 Bxg4 18. fxg4 Nxg4 19. Bd2 Rf8 20.
Rhf1 Rfd8 21. h3 Nf6 22. Rfe1 Qf5 23. Rxe7 Qc5 24. Rxb7 Rac8 25. Qe3 Qd6 26.
Qe7 Qxe7 27. Rxe7 Nd5 28. Nxd5 Rxd5 29. Bc3 Rh5 30. Rg7+ Kf8 31. Rf1+ Ke8 32.
Rg8+ Kd7 33. Rf7+ Ke6 34. Rf6+ Kd7 35. Rxc8 Kxc8 36. Rf3 Rh4 37. Bf6 Ra4 38. a3
Ra5 39. Kd2 Rd5+ 40. Rd3 Rf5 41. Bg7 h5 42. Ke3 g5 43. Rd4 g4 44. hxg4 Rf7 45.
Bh6 h4 46. g5 h3 47. Rh4 Kd7 48. Rxh3 Ke6 49. Rf3 Rxf3+ 50. Kxf3 Kf5 51. Ke3
Kg6 52. Kd4 Kf5 53. Kc5 Kg6 54. Kxc6 Kf5 55. Kd6 Kg6 56. c4 Kf5 57. c5 Kg6 58.
c6 Kf5 59. c7 Kg6 60. c8=Q Kh5 61. Qf5 Kh4 62. g6 Kg3 63. g7 Kh4 64. g8=Q a5
65. Qgg4# 1-0

[Event "DM 2023 Kort Paaske 1 Grp2"]
[Site "Svendborg"]
[Date "2023.04.02"]
[Round "2"]
[White "Rasmussen, Per"]
[Black "Hansen, Michael Bo"]
[Result "0-1"]
[WhiteElo "1195"]
[BlackElo "1617"]
[PlyCount "90"]
[EventDate "2023.04.01"]
[EventType "swiss"]
[EventRounds "5"]
[EventCountry "DEN"]
[SourceTitle "Live v. Kasper Jerwiarz"]

1. e4 c5 2. Nf3 d6 3. Bc4 Nc6 4. d3 Nf6 5. Nc3 e6 6. Bf4 Be7 7. O-O a6 8. a3 b5
9. Ba2 O-O 10. e5 dxe5 11. Nxe5 Nxe5 12. Bxe5 Bb7 13. Qd2 c4 14. d4 Rc8 15. b4
Bd6 16. Qf4 Bxe5 17. dxe5 Nd5 18. Qd4 Nxc3 19. Qxc3 Qd5 20. Qg3 Rcd8 21. Rad1
Qxd1 22. Qe3 Qd5 23. f3 Qd4 24. Qf2 Qxf2+ 25. Rxf2 Rd1+ 26. Rf1 Rfd8 27. h3
Rxf1+ 28. Kxf1 Rd1+ 29. Ke2 Ra1 30. Bxc4 bxc4 31. Kd2 Rxa3 32. h4 Kf8 33. c3
Ra2+ 34. Ke3 Rxg2 35. f4 Bd5 36. h5 Rh2 37. Kd4 Rxh5 38. Kc5 Rh3 39. Kb6 Rxc3
40. Kxa6 Ra3+ 41. Kb6 c3 42. b5 c2 43. Kc7 c1=Q+ 44. Kd7 Ra7+ 45. Kd6 Qc7# 0-1

[Event "DM 2023 Kort Paaske 1 Grp2"]
[Site "Svendborg"]
[Date "2023.04.02"]
[Round "2"]
[White "Rasmussen, Erik Elmer"]
[Black "Hofman, Carl"]
[Result "1/2-1/2"]
[WhiteElo "1495"]
[BlackElo "1016"]
[PlyCount "69"]
[EventDate "2023.04.01"]
[EventType "swiss"]
[EventRounds "5"]
[EventCountry "DEN"]
[SourceTitle "Live v. Kasper Jerwiarz"]

1. d4 d5 2. c4 c6 3. a4 Bf5 4. Nc3 e6 5. Bf4 Nf6 6. e3 Bd6 7. Bxd6 Qxd6 8. c5
Qc7 9. a5 O-O 10. Nf3 Nbd7 11. Nh4 Rfe8 12. Nxf5 exf5 13. Bd3 f4 14. O-O fxe3
15. f3 b6 16. b4 b5 17. Re1 Qf4 18. Ne2 Qg5 19. Ng3 g6 20. Ra2 Re7 21. Rae2
Rae8 22. Qc1 Qf4 23. Qc3 Qh4 24. Nf1 Qf4 25. Bc2 Nh5 26. Rxe3 Rxe3 27. Rxe3
Rxe3 28. Qxe3 Qxe3+ 29. Nxe3 f5 30. Bd1 Nf4 31. Nc2 a6 32. g3 Ne6 33. Kf2 Kf7
34. Ke3 g5 35. h4 1/2-1/2

[Event "DM 2023 Kort Paaske 1 Grp2"]
[Site "Svendborg"]
[Date "2023.04.02"]
[Round "2"]
[White "Rydland, Filip Jaramaz"]
[Black "Andersen, Sten Bo"]
[Result "0-1"]
[WhiteElo "1000"]
[BlackElo "1387"]
[PlyCount "120"]
[EventDate "2023.04.01"]
[EventType "swiss"]
[EventRounds "5"]
[EventCountry "DEN"]
[SourceTitle "Live v. Kasper Jerwiarz"]

1. e4 e5 2. Nf3 Nc6 3. d4 Bb4+ 4. c3 Ba5 5. d5 Nce7 6. Nxe5 Nf6 7. Bd3 d6 8.
Nf3 a6 9. h3 Bb6 10. O-O O-O 11. Bg5 Ng6 12. Nbd2 h6 13. Bh4 Nxh4 14. Nxh4 Ba7
15. Ndf3 Re8 16. Re1 Nh7 17. c4 Ng5 18. Nxg5 Qxg5 19. Nf5 Bxf5 20. exf5 Qf4 21.
Re2 Bd4 22. Qc2 Re5 23. Rae1 Rae8 24. Be4 f6 25. Kh1 R5e7 26. g3 Qg5 27. Kg2 h5
28. h4 Qh6 29. Qb3 b6 30. Qb4 Bc5 31. Qa4 a5 32. Qc6 Bb4 33. Rd1 Rxe4 34. Qxe8+
Rxe8 35. Rxe8+ Kf7 36. Rd8 Ke7 37. Rc8 Kd7 38. Rf8 Qh7 39. a3 g6 40. axb4 Qe7
41. Rh8 axb4 42. fxg6 Qe4+ 43. Kf1 Qxg6 44. b3 Qf7 45. Re1 c6 46. Re6 cxd5 47.
cxd5 Qg6 48. Kg2 Qf5 49. Rhe8 Qxd5+ 50. Kg1 Qxb3 51. R6e7+ Kc6 52. Rc8+ Kd5 53.
Rb8 Qd1+ 54. Kg2 Qd4 55. f3 b3 56. Re4 Qd2+ 57. Kh3 Kc5 58. Ra8 b2 59. Ra2 Qc1
60. Re8 Qh1# 0-1

[Event "DM 2023 Kort Paaske 1 Grp2"]
[Site "Svendborg"]
[Date "2023.04.02"]
[Round "3"]
[White "Nielsen Refs, Ingrid Elmer"]
[Black "Poulsen, Albert Damgaard"]
[Result "1-0"]
[WhiteElo "1645"]
[BlackElo "1312"]
[PlyCount "49"]
[EventDate "2023.04.01"]
[EventType "swiss"]
[EventRounds "5"]
[EventCountry "DEN"]
[SourceTitle "Live v. Kasper Jerwiarz"]

1. d4 Nf6 2. c4 e6 3. Nf3 b6 4. Nc3 Bb4 5. Qc2 Bb7 6. e3 Bxc3+ 7. Qxc3 Ne4 8.
Qc2 f5 9. b3 O-O 10. Bb2 d5 11. Rc1 Rf7 12. Ne5 Re7 13. f3 Nd6 14. Ba3 c6 15.
Bd3 Rc7 16. cxd5 exd5 17. Bxd6 Qxd6 18. Bxf5 Na6 19. Bxh7+ Kf8 20. Qf5+ Ke8 21.
Bg6+ Kd8 22. Nf7+ Rxf7 23. Qxf7 Qb4+ 24. Ke2 Qb5+ 25. Bd3 1-0

[Event "DM 2023 Kort Paaske 1 Grp2"]
[Site "Svendborg"]
[Date "2023.04.02"]
[Round "3"]
[White "Silcowitz, Magnus"]
[Black "Hansen, Michael Bo"]
[Result "0-1"]
[WhiteElo "1435"]
[BlackElo "1617"]
[PlyCount "102"]
[EventDate "2023.04.01"]
[EventType "swiss"]
[EventRounds "5"]
[EventCountry "DEN"]
[SourceTitle "Live v. Kasper Jerwiarz"]

1. d4 Nf6 2. c4 c5 3. d5 b5 4. cxb5 a6 5. Nc3 g6 6. e4 d6 7. Nf3 Bg7 8. h3 O-O
9. Be3 axb5 10. Bxb5 Ba6 11. Bxa6 Rxa6 12. Qd2 Qb6 13. O-O Nbd7 14. Rab1 Qb7
15. b3 Rb8 16. Rfc1 Ne8 17. Bh6 Ne5 18. Nxe5 Bxe5 19. Be3 Qb4 20. g4 Bxc3 21.
Qxc3 Qxe4 22. Qd2 Nf6 23. Rd1 Qf3 24. Kh2 Rb4 25. Rg1 Nxd5 26. Rg3 Qe4 27. Re1
Nxe3 28. Rgxe3 Qf4+ 29. Kg2 e6 30. Qc2 Rab6 31. Re4 Qf6 32. Rxb4 Rxb4 33. a4
Qg5 34. Re4 Qd5 35. f3 Qxb3 36. Qxb3 Rxb3 37. Rc4 Rb4 38. Re4 d5 39. Rxb4 cxb4
40. a5 b3 41. a6 b2 42. a7 b1=Q 43. a8=Q+ Kg7 44. Qa3 Qc2+ 45. Kg3 Qc7+ 46. Kh4
d4 47. Qd3 Qc3 48. Qe4 Qe3 49. Qc6 Qe1+ 50. Kg5 f6+ 51. Kf4 Qe5# 0-1

[Event "DM 2023 Kort Paaske 1 Grp2"]
[Site "Svendborg"]
[Date "2023.04.02"]
[Round "3"]
[White "Andersen, Sten Bo"]
[Black "Larsen, Rune"]
[Result "0-1"]
[WhiteElo "1387"]
[BlackElo "1466"]
[PlyCount "76"]
[EventDate "2023.04.01"]
[EventType "swiss"]
[EventRounds "5"]
[EventCountry "DEN"]
[SourceTitle "Live v. Kasper Jerwiarz"]

1. c4 Nf6 2. d4 g6 3. Nf3 Bg7 4. Nc3 d6 5. e3 O-O 6. Be2 b6 7. d5 c6 8. e4 cxd5
9. cxd5 Ba6 10. Bxa6 Nxa6 11. O-O Nc5 12. Rb1 Ncxe4 13. Nxe4 Nxe4 14. Re1 Nf6
15. b3 Qd7 16. Bb2 Nh5 17. Bxg7 Kxg7 18. Qd4+ Kg8 19. Rbc1 Rac8 20. Rc3 Rxc3
21. Qxc3 Rc8 22. Qe3 Re8 23. Nd4 Nf6 24. Qf3 Kg7 25. h3 Rc8 26. Nc6 e6 27. dxe6
Qxc6 28. Qxc6 Rxc6 29. exf7 Kxf7 30. g4 Rc2 31. a4 Rc3 32. Rb1 Rxh3 33. Kg2 Rd3
34. f3 Ke7 35. Rc1 Kd7 36. b4 Rd4 37. Rb1 Nd5 38. a5 Rxb4 0-1

[Event "DM 2023 Kort Paaske 1 Grp2"]
[Site "Svendborg"]
[Date "2023.04.02"]
[Round "3"]
[White "Rasmussen, Per"]
[Black "Rasmussen, Erik Elmer"]
[Result "0-1"]
[WhiteElo "1195"]
[BlackElo "1495"]
[PlyCount "50"]
[EventDate "2023.04.01"]
[EventType "swiss"]
[EventRounds "5"]
[EventCountry "DEN"]
[SourceTitle "Live v. Kasper Jerwiarz"]

1. d4 Nf6 2. Bf4 e6 3. Nf3 c5 4. e3 Nc6 5. Bd3 cxd4 6. exd4 Qb6 7. Be3 Qxb2 8.
Nbd2 Qb4 9. O-O Nd5 10. Ng5 g6 11. Be4 Nf6 12. Qf3 Bg7 13. c3 Qe7 14. Nc4 d5
15. Bf4 Nxe4 16. Nxe4 dxe4 17. Nd6+ Qxd6 18. Bxd6 exf3 19. g3 Bf8 20. Be5 Nxe5
21. dxe5 Bg7 22. Rfe1 O-O 23. Rac1 b6 24. Re3 Bb7 25. h4 Bh6 0-1

[Event "DM 2023 Kort Paaske 1 Grp2"]
[Site "Svendborg"]
[Date "2023.04.02"]
[Round "3"]
[White "Hofman, Carl"]
[Black "Rydland, Filip Jaramaz"]
[Result "1-0"]
[WhiteElo "1016"]
[BlackElo "1000"]
[PlyCount "63"]
[EventDate "2023.04.01"]
[EventType "swiss"]
[EventRounds "5"]
[EventCountry "DEN"]
[SourceTitle "Live v. Kasper Jerwiarz"]

1. d4 d5 2. c4 c6 3. Nc3 Nf6 4. Bg5 e6 5. e3 Bb4 6. Bd3 O-O 7. Qc2 Nbd7 8. Nf3
b6 9. O-O c5 10. cxd5 Bxc3 11. bxc3 exd5 12. Ne5 g6 13. Nxd7 Bxd7 14. Rfe1 c4
15. Be2 Bf5 16. Qa4 Qd6 17. Bf3 Ne4 18. Bxe4 Bxe4 19. f3 Bd3 20. e4 a6 21. e5
Qe6 22. Bf6 Qf5 23. Qc6 Qe6 24. Qd6 Rfe8 25. a3 Ra7 26. Ra2 Qxd6 27. exd6 Rxe1+
28. Kf2 Re6 29. Be5 Rd7 30. Rb2 b5 31. a4 bxa4 32. Rb8+ 1-0

[Event "DM 2023 Kort Paaske 1 Grp2"]
[Site "Svendborg"]
[Date "2023.04.03"]
[Round "4"]
[White "Ambirk, Jan"]
[Black "Nielsen Refs, Ingrid Elmer"]
[Result "0-1"]
[WhiteElo "1656"]
[BlackElo "1645"]
[PlyCount "48"]
[EventDate "2023.04.01"]
[EventType "swiss"]
[EventRounds "5"]
[EventCountry "DEN"]
[SourceTitle "Live v. Kasper Jerwiarz"]

1. e4 c5 2. Nc3 Nc6 3. f4 g6 4. Nf3 d6 5. Bb5 Bd7 6. a4 Bg7 7. O-O e6 8. d3
Nge7 9. Be3 Nd4 10. Bxd7+ Qxd7 11. Qd2 O-O 12. Nd1 a6 13. c3 Nb3 14. Qf2 Nxa1
15. Qh4 f6 16. Nf2 Nc2 17. Bd2 Kf7 18. Ng4 Qxa4 19. e5 Nf5 20. Ng5+ fxg5 21.
fxg5 Ke7 22. exd6+ Nxd6 23. Rf6 Nf5 24. Rf7+ Rxf7 0-1

[Event "DM 2023 Kort Paaske 1 Grp2"]
[Site "Svendborg"]
[Date "2023.04.03"]
[Round "4"]
[White "Hansen, Michael Bo"]
[Black "Poulsen, Albert Damgaard"]
[Result "1-0"]
[WhiteElo "1617"]
[BlackElo "1312"]
[PlyCount "65"]
[EventDate "2023.04.01"]
[EventType "swiss"]
[EventRounds "5"]
[EventCountry "DEN"]
[SourceTitle "Live v. Kasper Jerwiarz"]

1. b3 d5 2. Bb2 c5 3. e3 Nc6 4. Bb5 Nf6 5. Ne2 e6 6. O-O Bd6 7. c4 O-O 8. cxd5
exd5 9. Bxc6 bxc6 10. d4 Ne4 11. Nd2 Qh4 12. Ng3 f5 13. Ndxe4 fxe4 14. dxc5 Bc7
15. Qd4 Rf6 16. f4 Bg4 17. Rf2 Raf8 18. b4 R8f7 19. b5 Rh6 20. Nf1 Bd8 21. b6
Qh5 22. a4 Be2 23. g3 Bxf1 24. Raxf1 a6 25. Qb4 Rb7 26. Qa5 Re6 27. Qxa6 Ree7
28. a5 Qg6 29. Be5 h5 30. Qe2 h4 31. a6 hxg3 32. hxg3 Qxg3+ 33. Rg2 1-0

[Event "DM 2023 Kort Paaske 1 Grp2"]
[Site "Svendborg"]
[Date "2023.04.03"]
[Round "4"]
[White "Larsen, Rune"]
[Black "Silcowitz, Magnus"]
[Result "1-0"]
[WhiteElo "1466"]
[BlackElo "1435"]
[PlyCount "105"]
[EventDate "2023.04.01"]
[EventType "swiss"]
[EventRounds "5"]
[EventCountry "DEN"]
[SourceTitle "Live v. Kasper Jerwiarz"]

1. d4 d5 2. Nf3 Nf6 3. e3 Bg4 4. h3 Bh5 5. g4 Bg6 6. Ne5 e6 7. h4 h6 8. Nxg6
fxg6 9. Bd3 Nc6 10. Bxg6+ Kd7 11. b3 Bd6 12. Ba3 Bxa3 13. Nxa3 Qe7 14. Nb1 Raf8
15. Nd2 e5 16. Bf5+ Kd8 17. c3 exd4 18. cxd4 Nxd4 19. Qb1 Nxf5 20. Qxf5 c6 21.
Qf4 Ne4 22. Qb8+ Kd7 23. Qxb7+ Kd6 24. Qxe7+ Kxe7 25. Nxe4 dxe4 26. Rc1 Kd6 27.
Rd1+ Kc7 28. Rd4 Re8 29. O-O Re7 30. Rc1 Rhe8 31. Rcc4 Re5 32. Ra4 a5 33. Rac4
c5 34. Rd2 Kc6 35. Rc1 Rd5 36. Rxd5 Kxd5 37. Rd1+ Kc6 38. Kf1 Rb8 39. Rc1 Rb4
40. Rc4 Kb5 41. Rxb4+ Kxb4 42. f4 Ka3 43. g5 Kxa2 44. f5 Kxb3 45. f6 gxf6 46.
gxh6 c4 47. h7 c3 48. h8=Q c2 49. Qb8+ Kc3 50. Qc7+ Kd3 51. Qd6+ Kxe3 52. Qc5+
Kd3 53. h5 1-0

[Event "DM 2023 Kort Paaske 1 Grp2"]
[Site "Svendborg"]
[Date "2023.04.03"]
[Round "4"]
[White "Rynkjob, Bastian"]
[Black "Hofman, Carl"]
[Result "0-1"]
[WhiteElo "1338"]
[BlackElo "1016"]
[PlyCount "38"]
[EventDate "2023.04.01"]
[EventType "swiss"]
[EventRounds "5"]
[EventCountry "DEN"]
[SourceTitle "Live v. Kasper Jerwiarz"]

1. e4 e5 2. Nf3 Nc6 3. Bc4 Bc5 4. c3 d6 5. d4 exd4 6. cxd4 Bb4+ 7. Nc3 Bg4 8.
h3 Bh5 9. O-O Nf6 10. Re1 Bxf3 11. gxf3 O-O 12. Kh1 h6 13. Rg1 Qd7 14. Qf1 Kh8
15. Qg2 Rg8 16. Nd5 Nxd5 17. exd5 Nxd4 18. Qg3 Qf5 19. Qh4 Nxf3 0-1

[Event "DM 2023 Kort Paaske 1 Grp2"]
[Site "Svendborg"]
[Date "2023.04.03"]
[Round "4"]
[White "Rydland, Filip Jaramaz"]
[Black "Rasmussen, Per"]
[Result "1-0"]
[WhiteElo "1000"]
[BlackElo "1195"]
[PlyCount "103"]
[EventDate "2023.04.01"]
[EventType "swiss"]
[EventRounds "5"]
[EventCountry "DEN"]
[SourceTitle "Live v. Kasper Jerwiarz"]

1. e4 e5 2. Nf3 Nc6 3. Nc3 Bc5 4. Bc4 Nf6 5. d3 Ng4 6. O-O Qf6 7. Nd5 Qd6 8.
Ng5 Nh6 9. c3 O-O 10. b4 Bb6 11. Nxb6 axb6 12. a4 Qf6 13. b5 Na5 14. Ba2 d6 15.
h3 Be6 16. Nxe6 fxe6 17. Qh5 Nf7 18. Qg4 Rfe8 19. h4 Rad8 20. Be3 d5 21. d4 Nc4
22. Bg5 Nxg5 23. hxg5 Qg6 24. dxe5 Nxe5 25. Qf4 Nd3 26. Qxc7 Qxg5 27. exd5 Nf4
28. g3 Ne2+ 29. Kg2 exd5 30. Rae1 Rc8 31. Qd7 h6 32. Rxe2 Rxe2 33. Qxc8+ Kh7
34. Bb1+ g6 35. Qxb7+ Re7 36. Qxb6 h5 37. Qd8 Kh6 38. b6 Qe5 39. a5 Re8 40. Qh4
d4 41. cxd4 Qxa5 42. Qf4+ Qg5 43. Qxg5+ Kxg5 44. b7 Rb8 45. Be4 Kf6 46. Ra1 Rd8
47. Ra8 Rxa8 48. bxa8=Q Kg5 49. Qd8+ Kh6 50. Qh8+ Kg5 51. f4+ Kg4 52. Qc8# 1-0

[Event "DM 2023 Kort Paaske 1 Grp2"]
[Site "Svendborg"]
[Date "2023.04.03"]
[Round "5"]
[White "Nielsen Refs, Ingrid Elmer"]
[Black "Hansen, Michael Bo"]
[Result "1-0"]
[WhiteElo "1645"]
[BlackElo "1617"]
[PlyCount "45"]
[EventDate "2023.04.01"]
[EventType "swiss"]
[EventRounds "5"]
[EventCountry "DEN"]
[SourceTitle "Live v. Kasper Jerwiarz"]

1. d4 Nf6 2. c4 c5 3. d5 b5 4. cxb5 a6 5. bxa6 g6 6. Nc3 Bxa6 7. Nf3 Bg7 8. g3
d6 9. Bg2 O-O 10. O-O Nbd7 11. Rb1 Qb6 12. b3 Ne8 13. Bb2 Nc7 14. Re1 Bb7 15.
e4 Bxc3 16. Bxc3 Rxa2 17. Qc1 Nb5 18. Bb2 Nd4 19. Qh6 Nxf3+ 20. Bxf3 f6 21. Bg4
Qd8 22. Be6+ Kh8 23. Bxd7 1-0

[Event "DM 2023 Kort Paaske 1 Grp2"]
[Site "Svendborg"]
[Date "2023.04.03"]
[Round "5"]
[White "Hofman, Carl"]
[Black "Larsen, Rune"]
[Result "0-1"]
[WhiteElo "1016"]
[BlackElo "1466"]
[PlyCount "62"]
[EventDate "2023.04.01"]
[EventType "swiss"]
[EventRounds "5"]
[EventCountry "DEN"]
[SourceTitle "Live v. Kasper Jerwiarz"]

1. d4 Nf6 2. c4 g6 3. Nc3 Bg7 4. Bf4 d6 5. Qd2 h6 6. e4 b6 7. Nf3 Bb7 8. Bd3
Nfd7 9. Be3 Nf6 10. O-O Ng4 11. Rfe1 Nxe3 12. Qxe3 O-O 13. Rad1 Nd7 14. b4 e6
15. a4 Re8 16. Rb1 a6 17. a5 Rc8 18. Na4 Ra8 19. Rec1 c6 20. Rb2 b5 21. Nc3 Qf6
22. Ne2 Qe7 23. cxb5 cxb5 24. Rc7 Rab8 25. Rbc2 Rec8 26. Qc1 Rxc7 27. Rxc7 Qd8
28. Nf4 Nc5 29. Rxc5 dxc5 30. dxc5 e5 31. c6 Rc8 0-1